Названия городов по их буквальному описанию на русском - Statistics

General Stats
  • This quiz has been taken 27 times
  • The average score is 11 of 30
Answer Stats
Описание Город % Correct
Питейное заведение со стойкой для заказов Бар
82%
Первый Президент Соединённых штатов Америки Вашингтон
82%
Известный испанский футбольный клуб Барселона
64%
Крупная река в Сибири Обь
64%
Слегка холодный Прохладный
59%
Блюдо, часто ассоциирующееся со Штатами и состоящее из булки, бифштекса, овощей и приправ, без последних двух букв Гамбург
59%
Переводится с традиционного китайского как "южная столица" Пекин
59%
Высший орган законодательной власти в России по конституции Дума
55%
Пожалуй, самый известный поп-певец в мире Джэксон
50%
Подмосковный город нижних конечностей человека Ногинск
45%
Тот, кому докладывали о возникших неполадках во время космической миссии "Аполлон-13" Хьюстон
45%
Прямо противоположное северному Южное
45%
Немецкий город-курорт с повторяющимся через дефис словом Баден-Баден
41%
Инверсия слова, обозначающего политическую ситуацию без войн Рим
41%
Множество подземных карьеров, где добывают полезные ископаемые Шахты
41%
Множественное число от слова, обозначающего либо размокшую прилипчивую почву, либо что-то, нарушающее чистоту Грязи
41%
Русский писатель, известный своими рассказами и пьесами по всему миру Чехов
36%
Итальянский революционер социалистической направленности Тольятти
32%
Столица, звучащая как название русской деревни, образованное от сельскохозяйственного складского помещения Сараево
32%
Рельеф любого водоёма Дно
27%
Не проявляющий агрессии Мирный
23%
Ни от кого и ни от чего не зависящий Свободный
23%
Переводится с традиционного китайского как "северная столица" Нанкин
18%
Фамилия известных русских поэта и авиаинженера Жуковский
14%
Британский феодальный род, являвшийся одной из сторон в Войне роз Йорк
14%
Плотный предмет с двумя заострённо сходящимися поверхностями Клин
9%
Совокупность сценических образов актёров театра или кино Роли
9%
Сбалансировано относительно чего-либо Ровно
5%
Известный в узких кругах украинский драматург Кропивницкий
5%
Сольный проект одного из бывших вокалистов американской хоррор-панк-группы The Misftis под своим сценическим именем Данциг
0%
No matching quizzes found
Score Distribution
Percent of People with Each Score
Percentile by Number Answered
Your Score History
You have not taken this quiz